000 01055nam2a22002291 4500
001 v19\rc\1201215
005 20250618021654.0
035 _a(NLR Aleph) 004447420
090 _a4455330
_c4455330
100 _a20060306d1867 |||y0rusy50 ca
101 0 _arus
102 _aRU
105 _aa z |||||
200 0 _a1866 года
210 _d1867
_aБ. м.
215 _a442, VI с., 1 табл.
461 0 _1001v19\rc\1201214
_12001#$aДоклады Воронежской губернской земской управы Воронежскому губернскому земскому собранию...$v1866 года$90
_95200928
_aВоронежская губернская земская управа
_cВоронеж
_d1866-1915
_tДоклады Воронежской губернской земской управы Воронежскому губернскому земскому собранию...
_v1866 года$90
801 0 _aRU
_bNLR
_gpsbo
801 1 _aRU
_bProSoft-M
_2rusmarc
852 _aNLR
_bЗем
_j9/Д1
942 _cBOOK
980 _aNB